The Last of Us Quiz - Statistics

General Stats
  • This quiz has been taken 1,422 times
  • The average score is 10 of 16
Answer Stats
Hint Answer % Correct
What Joel's brother name? Tommy
90%
Brick or Bottle? Both
88%
What is Joel's daughter's name? Sarah
88%
What state is Joel originally from? Texas
86%
What is rebel group that Joel and Ellie are travelling to meet called? Fireflies
85%
What is the first animal that Ellie kills when she is hunting? Rabbit
81%
What is it in the air that causes infection? Spores
75%
What is the name of the woman who introduces Joel to Ellie? Marlene
72%
What is the name of Bill's partner? Frank
61%
Name the two brothers that you meet Henry & Sam
61%
Name two of the four stages of infection Runner, Stalker, Clicker, Bloater
61%
Which character is voiced by Nolan North? (Drake from Uncharted) David
51%
What name does Ellie choose to call the horse? Callus
33%
What is the name of the comic that you collect? Savage Starlight
26%
In what building do you last see Tess? Museum
17%
What is the name of the film series advertised in The Last of Us? Dawn of the Wolf
16%
No matching quizzes found
Score Distribution
Percent of People with Each Score
Percentile by Number Answered
Your Score History
You have not taken this quiz